01436naa a22003257a 4500001001000000003000900010005001700019007000300036008003400039040005400073041000900127072002000136090001800156100001600174100002100190245012400211260003700335500020100372650002000573650002800593650002400621650002100645650001800666650001000684773019800694909003600892942001400928999001900942952014900961BR7310862BR-BrBNA20240918173527.0ta230509b bl.||||| |||| 00| 0 por d aBR-BrBNAbporcBiblioteca Nacional de Agricultura a(Pt) aF00b1440bG514 aF00 BR73108621 aPaiva, J.B.1 aQueiroz, G.M. de1 aCompeticao de variedades em feijao de corda, Vigna sinensis (L.)Savi, visando a producao de massa verde [Ceara, Brasil]3 aFortaleza, CE (Brasil): c1973.  aConvenio SUDENE/UFC/SUDEC e UFC/BNDE-FUNDEPRO - 64 para melhoramento e experimentacao com culturas alimentares. Relatorio de Pesquisa 1973 Fortaleza, CE (Brasil): 1973. p. 32-35 (BR7310862-AM)F00  aFEIJAO DE CORDA aCOMPETICAO DE VARIEDADE aFERTILIDADE DO SOLO aPRATICA CULTURAL aPRODUTIVIDADE aCEARA0 tConvenio SUDENE/UFC/SUDEC e UFC/BNDE-FUNDEPRO - 64 para melhoramento e experimentacao com culturas alimentares. Relatorio de Pesquisa 1973wF00 BR7310862gFortaleza, CE (Brasil), 1973. p. 32-35 a202404bLuciac55dLucia Elande cAM2AGRIS c305178d305178 002AGRIS40708Acervo Gerala41918b41918cAgrobasel0o1440 BR7310855r2024-05-20t01yAM10d2024-04-11ePortaria Interministerial nÂș 164/94